Statistics for coronation street characters 2021

Click here to take the quiz!

General Stats

  • This quiz has been taken 25 times
  • The average score is 48 of 74

Answer Stats

HintAnswer% Correct
barlowken
96%
osbournedaniel
92%
alahandev
92%
McDonaldsteve
92%
midgelydaisy
88%
metcalftim
88%
dobbstyrone
88%
connorcarla
84%
brownchesney
84%
stapefiz
84%
tilsleynick
84%
barlowpeter
84%
mcdonaldtracy
84%
robertsAudrey
80%
rodwellgail
80%
windassgary
80%
wintergemma
80%
cropperroy
80%
grimshawtodd
80%
barlowamy
76%
Osbournebertie
76%
mayhewbilly
76%
packhambrian
76%
bailyed
76%
stapehope
76%
sutherlandkirk
76%
taylormary
76%
turnermax
76%
foremanpaul
76%
tullysean
76%
battersbytoyah
76%
alahanasha
72%
winterbernie
72%
websterjack
72%
neelankelly
72%
battersbyleanne
72%
lucasnina
72%
tannerrita
72%
barlowsarah
72%
spellmensummer
72%
alahanaadi
68%
bailyaggie
68%
windassfaye
68%
plattshona
68%
barlowadam
64%
tinkercraig
64%
bailyjames
64%
connorjenny
64%
metcalfyasmeen
64%
websterabi
60%
naziralya
60%
plumerevelyn
60%
dobbsruby
60%
blakemansam
60%
barlowsimon
56%
brookeremma
52%
mathewscathy
48%
websterdebbie
48%
websterdebbie
48%
connorliam
48%
habeebimran
44%
bailyMicheal
44%
bailyronnie
44%
winter-brownaled
40%
winter-brownbryn
40%
brownjoseph
40%
warneralex
28%
winter-browncarys
24%
shuttleworthgoerge
24%
armstrongkaty
16%
plattMartin
16%
plattdavis
12%
winter-brownllio
8%
nazirakya
0%

Score Distribution

Percentile by Number Answered

Percent of People with Each Score

Your Score History

You have not taken this quiz